000 00328nam a22001457a 4500
003 SGT
020 _a978-81-8061-469-7
082 _a615.8
_bT16N
100 _aNARAYANAN, LAKSHMI S.
245 _aTB. OF THERAPEUTIC EXERCISES
250 _a1ST
260 _aINDIA
_bJAYPEE PUB.
_c2016
300 _a243
942 _2ddc
_cBK
_082
999 _c16979
_d16979